000 01504cam a2200169 4500500
005 20260222003237.0
041 _afre
042 _adc
100 1 0 _aVidjingninou, Fiacre
_eauthor
245 0 0 _aJNIM au Mali : l’étranglement de Bamako et la stratégie du califat par consentement
260 _c2026.
500 _a50
520 _aThis first publication in the section “Regards sur l’entre-deux” (Viewpoint on the space in between) dedicated to the interactions between culture and politics and created in 2005, focuses on a paradoxical modality of speaking: one of silent speech painted on a wall, as developed by the Chacón brigade in Chile. Drawing on previous examples of wall as support for politics, the article follows with the specific characteristics of the brigade through the testimony of a member.
520 _aCe premier dossier de la rubrique « Regards sur l’entre-deux », créée en 2005 et axée sur les interactions du culturel et du politique, porte son attention sur une modalité paradoxale de la prise de parole : parole muette, peinte sur un mur, que donne à voir la brigade Chacón au Chili. Cette expérience a des précédents que l’on examine avant d’en venir aux caractéristiques spécifiques de la brigade à travers le témoignage d’une brigadiste.
786 0 _nCahiers de Conflits | Javier - février | 1 | 2026-01-16 | p. 32-41
856 4 1 _uhttps://shs.cairn.info/revue-cahiers-de-conflits-2026-1-page-32?lang=fr&redirect-ssocas=7080
999 _c1667309
_d1667309